[Event "Olympiad Women-44"]
[Site "Chennai"]
[Date "2022.08.08"]
[Round "10.1"]
[White "Lam, Pooja"]
[Black "Tilman, Zulmira Americo"]
[Result "1-0"]
[WhiteElo "1163"]
[BlackElo "1255"]
[PlyCount "59"]
[EventDate "2022.07.29"]
[EventType "team-swiss"]
[EventRounds "11"]
[EventCountry "IND"]
[SourceTitle "CBM 210"]
[Source "ChessBase"]
[SourceDate "2022.10.31"]
[SourceVersion "1"]
[SourceVersionDate "2022.10.31"]
[SourceQuality "1"]
[WhiteTeam "Guyana (W)"]
[BlackTeam "Timor Leste (W)"]
[WhiteTeamCountry "GUY"]

1. d4 d6 2. c4 Nf6 3. g3 c6 4. Bg2 Qa5+ 5. Bd2 Qc7 6. Nc3 e5 7. e3 Be7 8. Nge2 Be6 9. d5 Bd7 10. 0-0 cxd5 11. cxd5 0-0 12. Rc1 Qb6 13. b3 Na6 14. Be1 Qd8 15. Ne4 Nh5 16. N2c3 f5 17. Qxh5 fxe4 18. Bxe4 g6 19. Qe2 Bh3 20. Bg2 Bxg2 21. Kxg2 Rc8 22. Bd2 Nc7 23. Qg4 Bf6 24. Ne4 Nxd5 25. Qe6+ Kh8 26. Qxd5 Qd7 27. Rxc8 Qxc8 28. Rc1 Qd7 29. Qxd6 Qf5 30. Qxf8# 1-0

[Event "Olympiad Women-44"]
[Site "Chennai"]
[Date "2022.07.31"]
[Round "3.1"]
[White "Tilman, Zulmira Americo"]
[Black "Raharimanana, Faratiana"]
[Result "0-1"]
[WhiteElo "1255"]
[BlackElo "1707"]
[PlyCount "96"]
[EventDate "2022.07.29"]
[EventType "team-swiss"]
[EventRounds "11"]
[EventCountry "IND"]
[SourceTitle "CBM 210"]
[Source "ChessBase"]
[SourceDate "2022.10.31"]
[SourceVersion "1"]
[SourceVersionDate "2022.10.31"]
[SourceQuality "1"]
[WhiteTeam "Timor Leste (W)"]
[BlackTeam "Madagascar (W)"]
[BlackTeamCountry "MAD"]

1. d4 Nf6 2. c4 e6 3. Nc3 Bb4 4. Nf3 b6 5. Bd2 Bb7 6. e3 0-0 7. Bd3 d5 8. cxd5 exd5 9. 0-0 c5 10. a3 Bxc3 11. bxc3 Nbd7 12. Qc2 h6 13. h3 Rc8 14. Qb1 Re8 15. Qd1 a6 16. a4 Ne4 17. Rb1 Qc7 18. Nh4 Qd6 19. f3 Ng3 20. Re1 Qf6 21. f4 Qxh4 22. Qf3 Ne4 23. Bxe4 dxe4 24. Qe2 Qf6 25. a5 b5 26. c4 cxd4 27. cxb5 axb5 28. Qxb5 Bc6 29. Qe2 d3 30. Qf2 Bd5 31. Bb4 Rc2 32. Qf1 Bc4 33. Rbc1 d2 34. Rxc2 Bxf1 35. Rxf1 Qa6 36. Rxd2 Nf6 37. g4 Rc8 38. g5 Ne8 39. gxh6 Qxh6 40. Kh2 Nf6 41. Rg2 Nd5 42. Bd2 Rc6 43. Bc1 Rg6 44. f5 Rxg2+ 45. Kxg2 Nxe3+ 46. Bxe3 Qxe3 47. Ra1 Qd2+ 48. Kg3 Qd8 0-1

[Event "Olympiad Women-44"]
[Site "Chennai"]
[Date "2022.07.29"]
[Round "1.1"]
[White "Tilman, Zulmira Americo"]
[Black "Ryjanova, Julia"]
[Result "0-1"]
[WhiteElo "1255"]
[BlackElo "2284"]
[PlyCount "88"]
[EventDate "2022.07.29"]
[EventType "team-swiss"]
[EventRounds "11"]
[EventCountry "IND"]
[SourceTitle "CBM 210"]
[Source "ChessBase"]
[SourceDate "2022.10.31"]
[SourceVersion "1"]
[SourceVersionDate "2022.10.31"]
[SourceQuality "1"]
[WhiteTeam "Timor Leste (W)"]
[BlackTeam "Australia (W)"]
[BlackTeamCountry "AUS"]

1. d4 Nf6 2. c4 e6 3. Nc3 Bb4 4. Bd2 b6 5. e3 Bb7 6. Nf3 0-0 7. Bd3 d5 8. 0-0 c5 9. cxd5 exd5 10. Qc2 Nbd7 11. Ng5 h6 12. Bh7+ Kh8 13. Bd3 hxg5 14. h3 Qe7 15. f4 Ne4 16. Qd1 g6 17. a3 Bxc3 18. bxc3 Rae8 19. Ra2 Nxd2 20. Rxd2 c4 21. Bc2 Qxe3+ 22. Kh1 gxf4 23. Rf3 Qe1+ 24. Qxe1 Rxe1+ 25. Kh2 Nf6 26. Rxf4 Ne4 27. Rd1 Rxd1 28. Bxd1 Nxc3 29. Bc2 Kg7 30. Rf3 Ne2 31. a4 Nxd4 32. Rf2 Nxc2 33. Rxc2 Rc8 34. Kg1 d4 35. Kf1 c3 36. Ke2 Be4 37. Rc1 d3+ 38. Ke3 d2 39. Ra1 Bc2 40. Ke2 Re8+ 41. Kf2 d1Q 42. Ra3 Qe1+ 43. Kf3 Qe3+ 44. Kg4 Re4# 0-1